000 00533nam a22001937a 4500
005 20260305145858.0
008 260305b |||||||| |||| 00| 0 eng d
020 _a978-9-4035- 1241-9
050 _aKSK 80 .C65 R88 2019
100 _aRUTENBERG ISAAC
245 _aCYBER LAW IN KENYA
250 _a2ND EDITION
260 _aNETHERLANDS
_bKLUWER LAW INTERNATIONAL
_c2019
300 _a369,ILL
500 _aINCLUDES BIBLOGRAPHIC REFERENCESINDEX
650 _aDATA PROTECTION
700 _aKLUWER WOLTERS
942 _2lcc
_cBK
999 _c216786
_d216786